MARC
| LEADER | 00000nam a22000003a 4500 | ||
|---|---|---|---|
| 001 | 0029382 | ||
| 003 | SK-STU | ||
| 005 | 20171222085516.8 | ||
| 007 | ta | ||
| 008 | 171222s ----xo-----e------000-0-----d | ||
| 020 | |a 80-86634-31-0 | ||
| 040 | |a STU |b slo | ||
| 041 | 0 | |a cze | |
| 044 | |a xr | ||
| 100 | 1 | |a Kotinský, Petr |4 aut | |
| 245 | 1 | 0 | |a Dekontaminace v požární ochraně / |c aut. Petr Kotinský, Jaroslava Hejdová |
| 250 | |a 1. vyd. | ||
| 260 | |a Ostrava |b SPBI |c 2003 | ||
| 300 | |a 126 s. | ||
| 490 | 0 | |a Spektrum |v 34. | |
| 650 | 0 | 7 | |a dekontaminácia |
| 700 | 1 | |a Hejdová, Jaroslava |4 aut | |
| 996 | |b 284M087458 |c M* 14014-1 |l MMKN |s A |a 24 |w 0029382_0001 | ||